000
00363nam a2200169Ia 4500
005
20240716163415.0
008
240716s9999 xx 000 0 und d
020
_a
9788174113979
082
_a
891.45309
082
_b
RAN
100
_a
Bibudharanjan
245
0
_a
Panchatantra
260
_b
Puri, Prajnaloka
260
_c
2016
300
_a
192
942
_c
TB
999
_c
8331
_d
8331